| 000 | 00944nam a2200241Ia 4500 | ||
|---|---|---|---|
| 003 | Ost | ||
| 005 | 20260507075340.0 | ||
| 008 | 260507s9999||||xx |||||||||||||| ||und|| | ||
| 020 | _a63278099579 | ||
| 040 | _cfsecg | ||
| 041 | _aara | ||
| 082 | _a330 | ||
| 100 |
_aأمين، هجير عدنان زكي _eمؤلف |
||
| 245 | 0 |
_aالاقتصاد الدولي : _bالنظرية والتطبيقات / _c هجير عدنان زكي أمين |
|
| 260 |
_aعمان: _bدار أثراء, _c2010 |
||
| 300 |
_a308 صفحة؛ _bإيضاحات ؛ _c25 سم |
||
| 504 | _aمصادر الكتاب ص.305 | ||
| 520 | _a-نظرية التجارة الدولية وتوسيعها،اقتصاديات السياسة التجارية،اقتصاديات النقد الدولي | ||
| 653 | _aالاقتصاد الدولي | ||
| 653 | _aالإقتصاد الدولي- نظريات | ||
| 653 | _aالتجارة الخارجية | ||
| 942 | _cكتاب | ||
| 999 |
_c44083 _d44083 |
||